| 000 | 02335nam a22004331i 4500 | ||
|---|---|---|---|
| 001 | ebr10777882 | ||
| 003 | CaPaEBR | ||
| 006 | m o d | ||
| 007 | cr cn||||||||| | ||
| 008 | 080205s2007 sz a ob 101 0 eng d | ||
| 020 | _z9783908451457 | ||
| 020 | _z3908451450 | ||
| 020 | _a9783038131496 (e-book) | ||
| 040 |
_aCaPaEBR _beng _erda _epn _cCaPaEBR |
||
| 035 | _a(OCoLC)868961258 | ||
| 050 | 1 | 4 |
_aQC185 _b.D534 2007eb |
| 082 | 0 | 4 |
_a620.1/1 _222 |
| 245 | 0 | 0 |
_aDiffusion in advanced materials and processing : _bselected, peer reviewed papers from the Symposium TMS 136th annual meeting and exhibition (Orlando, FL, February 25 - March 1, 2007) / _cedited by Y.H. Sohn [and three others]. |
| 264 | 1 |
_aStafa-Zurich : _bTrans Tech Publications, Ltd., _c[2007] |
|
| 264 | 4 | _c�2007 | |
| 300 |
_a1 online resource (213 pages) : _billustrations. |
||
| 336 |
_atext _2rdacontent |
||
| 337 |
_acomputer _2rdamedia |
||
| 338 |
_aonline resource _2rdacarrier |
||
| 490 | 1 |
_aDiffusion and defect data. Pt. A,Defect and diffusion forum, _x1012-0386 ; _vv. 266 |
|
| 504 | _aIncludes bibliographical references and indexes. | ||
| 588 | _aDescription based on print version record. | ||
| 590 | _aElectronic reproduction. Palo Alto, Calif. : ebrary, 2013. Available via World Wide Web. Access may be limited to ebrary affiliated libraries. | ||
| 650 | 0 |
_aDiffusion _vCongresses. |
|
| 650 | 0 |
_aKirkendall effect _vCongresses. |
|
| 650 | 0 |
_aMaterials _vCongresses. |
|
| 655 | 0 | _aElectronic books. | |
| 700 | 1 | _aSohn, Y. H. | |
| 710 | 2 |
_aMinerals, Metals and Materials Society. _bAnnual Meeting _n(136th : _d2007 : _cOrlando, Fla.) |
|
| 776 | 0 | 8 |
_iPrint version: _tDiffusion in advanced materials and processing : selected, peer reviewed papers from the Symposium TMS 136th annual meeting and exhibition (Orlando, FL, February 25 - March 1, 2007). _dStafa-Zurich : Trans Tech Publications, Ltd., c2007 _hviii, 207 pages : illustrations ; 26 cm. _kDiffusion and defect data. Pt. A,Defect and diffusion forum ; v. 266. _z9783908451457 _w(OCoLC)176970531 _w(DLC) 2008270573 |
| 797 | 2 | _aebrary. | |
| 830 | 0 |
_aDiffusion and defect data. _nPt. A, _pDefect and diffusion forum ; _vv. 266. _x1012-0386 |
|
| 856 | 4 | 0 |
_uhttp://site.ebrary.com/lib/rucke/Doc?id=10777882 _zAn electronic book accessible through the World Wide Web; click to view |
| 999 |
_c131427 _d131427 |
||